[Event "only the better players 2nd edition"]
[Site "SchemingMind.com"]
[Date "2018.09.02"]
[Round "-"]
[White "Apocalypse"]
[Black "Keithk"]
[Result "0-1"]
[WhiteCountry "USA"]
[BlackCountry "ENG"]
[WhiteElo "2375"]
[WhiteRD "75"]
[BlackElo "2554"]
[BlackRD "62"]
[GameID "431901"]

1. e4 e5 2. f4 exf4 3. Nf3 g5 4. h4 g4 5. Ne5 Nf6 6. d4 d6 7. Nd3 Nxe4 8. Qe2 Qe7 9. Bxf4 Nc6 10. c3 Nf6
11. Bg5 Qxe2+ 12. Bxe2 Nh5 13. Nf4 Ng3 14. Rg1 Bg7 15. Nd5 Bf5 16. Nd2 f6 17. Nxf6+ Bxf6 18. Bxf6 Nxe2 19. Kxe2 O-O 20. Bg5 Rae8+
21. Kf2 Kg7 22. Rae1 Bd7+ 23. Kg3 h6 24. Be3 Ne7 25. Bf2 Kg6 26. Rgf1 h5 27. Kh2 b5 28. Nb3 Nd5 29. Kg1 a5 30. a3 b4
31. axb4 Bb5 32. Rxe8 Rxe8 33. Re1 a4 34. Na5 Nf4 35. c4 Nd3 36. Rf1 Bd7 37. b5 Ra8 38. b6 cxb6 39. Nb7 d5 40. cxd5 Nxb2
41. Nd6 a3 42. Ra1 b5 43. Ne4 Nd3 44. Bg3 b4
0-1

[Event "only the better players 2nd edition"]
[Site "SchemingMind.com"]
[Date "2018.09.02"]
[Round "-"]
[White "Keithk"]
[Black "Apocalypse"]
[Result "1-0"]
[WhiteCountry "ENG"]
[BlackCountry "USA"]
[WhiteElo "2554"]
[WhiteRD "62"]
[BlackElo "2375"]
[BlackRD "75"]
[GameID "431902"]

1. d4 Nf6 2. c4 g6 3. Nc3 Bg7 4. e4 d6 5. Nf3 O-O 6. Be2 Na6 7. O-O Qe8 8. a3 e5 9. dxe5 dxe5 10. b4 c6
11. Be3 Ng4 12. Bg5 f6 13. Bd2 Nc7 14. Qc1 f5 15. c5 Kh8 16. Re1 f4 17. Nb1 Nh6 18. Bc3 Nb5 19. Bb2 Bg4 20. Nbd2 Rd8
21. Bc4 Nf7 22. Bxf7 Rxf7 23. a4 Nc7 24. Nc4 Bxf3 25. Nd6 Rxd6 26. cxd6 Bxg2 27. dxc7 f3 28. Qg5 Rxc7 29. Rad1 h6 30. Rd8 Kh7
31. Rxe8 hxg5 32. Rd1 c5 33. bxc5 Bh3 34. Bxe5 Rxc5 35. Bxg7 Kxg7 36. Re7+ Kh6 37. Rxb7 Rc4 38. Re1 Rxa4 39. Rb3 Bg2 40. h3 Bxh3
41. Rxf3 Bd7 42. Rc3
1-0

[Event "only the better players 2nd edition"]
[Site "SchemingMind.com"]
[Date "2019.03.29"]
[Round "-"]
[White "Apocalypse"]
[Black "joopsim"]
[Result "0-1"]
[WhiteCountry "USA"]
[BlackCountry "NED"]
[WhiteElo "2337"]
[WhiteRD "82"]
[BlackElo "2592"]
[BlackRD "135"]
[GameID "439638"]

1. e4 e5 2. Nf3 Nc6 3. Bc4 Nf6 4. d3 Be7 5. a3 O-O 6. O-O d5 7. exd5 Nxd5 8. Nbd2 Kh8 9. c3 Bg4 10. Re1 f5
11. h3 Bh5 12. Nf1 Bh4 13. Ba2 Qd6 14. N1h2 Bf6 15. a4 a5 16. Bd2 Rae8 17. Qc2 Bg6 18. Nf1 e4 19. Ng5 e3 20. Nxe3 Rxe3
21. Bxe3 Nxe3 22. Rxe3 Bxg5 23. Re6 Qd8 24. d4 Ne7 25. Qd3 b6 26. Re2 Bh5 27. Re6 Bf4
0-1

[Event "only the better players 2nd edition"]
[Site "SchemingMind.com"]
[Date "2019.03.29"]
[Round "-"]
[White "joopsim"]
[Black "Apocalypse"]
[Result "1-0"]
[WhiteCountry "NED"]
[BlackCountry "USA"]
[WhiteElo "2592"]
[WhiteRD "135"]
[BlackElo "2337"]
[BlackRD "82"]
[GameID "439639"]

1. e4 c5 2. Nf3 g6 3. c4 Nf6 4. Nc3 Bg7 5. d4 Qa5 6. Bd3 cxd4 7. Nxd4 d6 8. Nb3 Qd8 9. O-O Nc6 10. Be3 Ng4
11. Bf4 Be6 12. Be2 Nf6 13. Be3 O-O 14. f4 Qd7 15. h3 Rad8 16. g4 Qc8 17. Qe1 Bd7 18. Rc1 h6 19. Nd2 b6 20. Nf3 h5
21. f5 hxg4 22. Ng5 gxf5 23. Qh4 Rfe8 24. hxg4 fxe4 25. Rxf6 exf6 26. Qh7+ Kf8 27. Ngxe4 Rxe4 28. Bh6 Bf5 29. Bxg7+
1-0

[Event "only the better players 2nd edition"]
[Site "SchemingMind.com"]
[Date "2019.03.29"]
[Round "-"]
[White "joopsim"]
[Black "Keithk"]
[Result "1-0"]
[WhiteCountry "NED"]
[BlackCountry "ENG"]
[WhiteElo "2594"]
[WhiteRD "112"]
[BlackElo "2539"]
[BlackRD "67"]
[GameID "439640"]

1. e4 c5 2. Nf3 d6 3. d4 cxd4 4. Nxd4 Nf6 5. Nc3 a6 6. Bg5 e6 7. f4 Qb6 8. Qd2 Qxb2 9. Rb1 Qa3 10. e5 h6
11. Bh4 dxe5 12. fxe5 g5 13. exf6 gxh4 14. Be2 Qa5 15. O-O Nd7 16. Kh1 Qg5 17. Qe1 Nxf6 18. Nf3 Qg7 19. Ne5 Be7 20. Na4 O-O
21. Nb6 Rb8 22. Bd3 Bd8 23. Rb4 Bxb6 24. Rxh4 Bd8 25. Rf3 Nh7 26. Rg3 Ng5 27. Ng4 Re8 28. Rh5 Kf8 29. h4 f5 30. Nxh6 Qg6
31. Qe2 Bd7 32. hxg5 Qg7 33. Qf1 Qe5 34. Rgh3 Ke7 35. g6 Ba5 36. Be2 Rf8 37. Qd1 Bc6 38. Ng4 fxg4 39. Rxe5 gxh3 40. Rxa5 hxg2+
41. Kg1 Rf4 42. Rg5 Rh8 43. Rxg2 Bxg2 44. Kxg2 Rh6 45. Qd3 Rf6 46. Qa3+ Ke8 47. Bd3 Rfxg6+ 48. Bxg6+ Rxg6+ 49. Kf3 Rf6+ 50. Ke4 Kf7
51. Qc5 Rf5 52. Qc7+ Kf6 53. c4
1-0

[Event "only the better players 2nd edition"]
[Site "SchemingMind.com"]
[Date "2019.03.29"]
[Round "-"]
[White "Keithk"]
[Black "joopsim"]
[Result "1/2-1/2"]
[WhiteCountry "ENG"]
[BlackCountry "NED"]
[WhiteElo "2553"]
[WhiteRD "67"]
[BlackElo "2573"]
[BlackRD "116"]
[GameID "439641"]

1. e4 e5 2. Nf3 Nc6 3. Bb5 a6 4. Ba4 Nf6 5. O-O Be7 6. Re1 b5 7. Bb3 O-O 8. c3 d5 9. exd5 Nxd5 10. Nxe5 Nxe5
11. Rxe5 c6 12. d4 Bd6 13. Re1 Qh4 14. g3 Qh3 15. Be3 Bg4 16. Qd3 Rae8 17. Nd2 Re6 18. a4 bxa4 19. Rxa4 f5 20. Qf1 Qh5
21. f4 Rfe8 22. Qf2 g5 23. fxg5 f4 24. gxf4 Bh3 25. Nc4 Bxf4 26. Ne5 Bxe3 27. Rxe3 Nxe3 28. Qxe3 Rb8 29. Bxe6+ Bxe6 30. Qf3 Qh4
31. Qe2 Bd5 32. Ra1 Qxg5+=
1/2-1/2

[Event "only the better players 2nd edition"]
[Site "SchemingMind.com"]
[Date "2020.05.05"]
[Round "-"]
[White "Apocalypse"]
[Black "frankly"]
[Result "0-1"]
[WhiteCountry "USA"]
[BlackCountry "ENG"]
[WhiteElo "2226"]
[WhiteRD "100"]
[BlackElo "2576"]
[BlackRD "63"]
[GameID "454432"]

1. e4 e5 2. Bc4 Nf6 3. d3 c6 4. Bb3 a5 5. c4 Bc5 6. Nc3 O-O 7. h3 d6 8. Nge2 b5 9. cxb5 cxb5 10. O-O b4
11. Nd5 Nbd7 12. Be3 Bb7 13. Nxf6+ Nxf6 14. Bxc5 dxc5 15. Bc4 Ra6 16. Bxa6 Bxa6 17. Re1 Qb6 18. a3 g6 19. Qc2 Rd8
0-1

[Event "only the better players 2nd edition"]
[Site "SchemingMind.com"]
[Date "2020.05.05"]
[Round "-"]
[White "frankly"]
[Black "Apocalypse"]
[Result "1-0"]
[WhiteCountry "ENG"]
[BlackCountry "USA"]
[WhiteElo "2576"]
[WhiteRD "63"]
[BlackElo "2226"]
[BlackRD "100"]
[GameID "454433"]

1. e4 e6 2. d4 c5 3. d5 Nf6 4. Nc3 d6 5. Nf3 Be7 6. Bb5+ Bd7 7. Bxd7+ Qxd7 8. Bf4 O-O 9. O-O e5 10. Bg5 b5
11. Qe2 c4 12. a4 b4 13. Ra2 bxc3 14. bxc3 Na6 15. Bc1 Nc5 16. Nd2 a5 17. Qf3 Rfb8 18. Ba3
1-0

[Event "only the better players 2nd edition"]
[Site "SchemingMind.com"]
[Date "2020.05.01"]
[Round "-"]
[White "joopsim"]
[Black "frankly"]
[Result "1/2-1/2"]
[WhiteCountry "NED"]
[BlackCountry "ENG"]
[WhiteElo "2612"]
[WhiteRD "110"]
[BlackElo "2604"]
[BlackRD "67"]
[GameID "454434"]

1. d4 Nf6 2. Bg5 d5 3. Nc3 Nbd7 4. Qd3 h6 5. Bxf6 Nxf6 6. e4 e6 7. Nf3 Be7 8. Be2 dxe4 9. Nxe4 Qd5 10. Nc3 Qa5
11. Ne5 O-O 12. Nc4 Qf5 13. Qf3 Rb8 14. O-O-O Qxf3 15. Bxf3 Rd8 16. Ne4 Nxe4 17. Bxe4 Bd7 18. c3 b5 19. Ne5 b4 20. c4 Ba4
21. g3 Bxd1 22. Rxd1 c5 23. Nc6 Kf8 24. d5 exd5 25. Bxd5 Bf6 26. Kc2 Ra8 27. Nxd8 Rxd8=
1/2-1/2

[Event "only the better players 2nd edition"]
[Site "SchemingMind.com"]
[Date "2020.05.01"]
[Round "-"]
[White "frankly"]
[Black "joopsim"]
[Result "1/2-1/2"]
[WhiteCountry "ENG"]
[BlackCountry "NED"]
[WhiteElo "2613"]
[WhiteRD "66"]
[BlackElo "2624"]
[BlackRD "116"]
[GameID "454435"]

1. d4 d5 2. c4 c6 3. Nf3 Nf6 4. Nc3 e6 5. Bg5 h6 6. Bh4 dxc4 7. e4 g5 8. Bg3 b5 9. Be2 Bb7 10. h4 g4
11. Ne5 Nbd7 12. Nxd7 Qxd7 13. Be5 Qe7 14. b3 Rg8 15. Qc2 Bg7 16. bxc4 c5 17. Nxb5 Nxe4 18. Rb1 Kf8 19. Bd3 f5 20. Bf4 e5
21. dxe5 Bxe5 22. Bxe5 Qxe5 23. O-O g3 24. f3 Qf4 25. fxe4 Qe3+ 26. Kh1 Rg4 27. Rxf5+ Kg8 28. Rh5 Qf4 29. Nd6 Qxd6=
1/2-1/2

[Event "only the better players 2nd edition"]
[Site "SchemingMind.com"]
[Date "2020.05.05"]
[Round "-"]
[White "frankly"]
[Black "Keithk"]
[Result "1/2-1/2"]
[WhiteCountry "ENG"]
[BlackCountry "ENG"]
[WhiteElo "2578"]
[WhiteRD "65"]
[BlackElo "2591"]
[BlackRD "76"]
[GameID "454436"]

1. e4 e5 2. Nf3 Nc6 3. Bb5 a6 4. Ba4 Nf6 5. O-O Be7 6. Re1 b5 7. Bb3 O-O 8. c3 d5 9. exd5 Nxd5 10. Nxe5 Nxe5
11. Rxe5 c6 12. d4 Bd6 13. Re1 Qh4 14. g3 Qh3 15. Be3 Bg4 16. Qd3 Rae8 17. Nd2 Re6 18. Qf1 Qh5 19. f3 Nxe3 20. Qf2 Nd5
21. fxg4 Qxg4 22. Qf3 Qg6 23. Rxe6 fxe6 24. Qe4 Bxg3 25. Qxg6 Bf2+ 26. Kg2 hxg6 27. Nf3=
1/2-1/2

[Event "only the better players 2nd edition"]
[Site "SchemingMind.com"]
[Date "2020.05.05"]
[Round "-"]
[White "Keithk"]
[Black "frankly"]
[Result "1/2-1/2"]
[WhiteCountry "ENG"]
[BlackCountry "ENG"]
[WhiteElo "2591"]
[WhiteRD "76"]
[BlackElo "2578"]
[BlackRD "65"]
[GameID "454437"]

1. d4 Nf6 2. c4 e6 3. Nf3 d5 4. Nc3 c6 5. Bg5 h6 6. Bxf6 Qxf6 7. e3 Nd7 8. Be2 g6 9. O-O Bg7 10. e4 dxe4
11. Nxe4 Qf4 12. Qc2 f5 13. Ned2 c5 14. g3 Qc7 15. Nh4 Bxd4 16. Nxg6 Rg8 17. Nh4 Nf6 18. Ndf3 Rxg3+ 19. hxg3 Qxg3+ 20. Ng2 Ng4
21. Qd2 Bxf2+ 22. Rxf2 Qxf2+ 23. Kh1 Bd7 24. Rf1 Qg3 25. Qe1 Qxe1=
1/2-1/2

[Event "only the better players 2nd edition"]
[Site "SchemingMind.com"]
[Date "2020.06.20"]
[Round "-"]
[White "Apocalypse"]
[Black "Matthew Bailey"]
[Result "1/2-1/2"]
[WhiteCountry "USA"]
[BlackCountry "ENG"]
[WhiteElo "2290"]
[WhiteRD "98"]
[BlackElo "2598"]
[BlackRD "68"]
[GameID "456637"]

1. e4 e5 2. Bc4 Nf6 3. d3 Nc6 4. Nf3 Be7 5. O-O O-O 6. a4 d6 7. c3 Na5 8. Ba2 c5 9. b4 cxb4 10. cxb4 Nc6
11. b5 Nb4 12. Bc4 Bg4 13. Nbd2 a5 14. bxa6 Nxa6 15. Ba3 Nd7 16. h3 Bh5 17. Nb1 Nb6 18. Bb3 Rc8 19. Qe2 Nc7 20. Rc1 Bg5
21. Rf1 Be7 22. a5 Nd7 23. Nbd2 Ra8 24. Bb4 Na6 25. Bc3 Ndc5 26. Bc4 Ne6 27. Rfb1 Rc8 28. Rxb7 Nf4 29. Qf1 Nc5 30. Rbb1 d5
31. exd5 Ncxd3 32. Bxe5 Nxe5 33. Nxe5 Bd6 34. Nef3 Qf6 35. g3 Bxf3 36. Nxf3 Nxh3+ 37. Qxh3 Qxf3 38. Rb3 Qf6 39. Ra4 Bc5 40. Qg2 Rb8
41. a6 Rxb3 42. Bxb3 Rb8 43. d6 Qxd6 44. Qf3 Qf6 45. Bd5 Qxf3 46. Bxf3 Rb2 47. a7 Bxf2+ 48. Kf1 Bxa7 49. Rxa7 Rb1+ 50. Kf2 Rb2+
51. Ke1 Rb1+ 52. Ke2 Rb2+ 53. Kd3 g6 54. Bd5 Rf2 55. Ra3 h5 56. Ke3 Rf5 57. Bc4 Rg5 58. Kf3 Rc5 59. Bd3 Rc7 60. Ra8+ Kg7
61. Ra5 Rc3 62. Ke4 f5+ 63. Kd4 Rb3 64. Ke3 Rb4 65. Ra6 Rg4 66. Ra7+ Kh6 67. Kf2=
1/2-1/2

[Event "only the better players 2nd edition"]
[Site "SchemingMind.com"]
[Date "2020.06.20"]
[Round "-"]
[White "Matthew Bailey"]
[Black "Apocalypse"]
[Result "1-0"]
[WhiteCountry "ENG"]
[BlackCountry "USA"]
[WhiteElo "2598"]
[WhiteRD "68"]
[BlackElo "2290"]
[BlackRD "98"]
[GameID "456638"]

1. e4 c5 2. Nf3 e6 3. d4 cxd4 4. Nxd4 Nf6 5. Nc3 Nc6 6. Ndb5 Bb4 7. Bf4 Nxe4 8. Qf3 f5 9. Nc7+ Kf7 10. Nxa8 d5
11. a3 Bxc3+ 12. bxc3 e5 13. Bc1 Be6 14. Bd3 Qxa8 15. O-O Nd6 16. a4 Rd8 17. Ba3 Qc8 18. Bb5 Ne4 19. Qe2 Bd7 20. Bxc6 Qxc6
21. f3 Nxc3 22. Qxe5 Re8 23. Qd6 Qxd6 24. Bxd6 Nxa4 25. Rfe1 a6 26. Rxe8 Bxe8 27. Re1 Bc6 28. Re7+ Kf6 29. Rc7 Nb6 30. Bb4 Nd7
31. Bc3+ Ke7 32. Rc8 Nf6 33. Rh8 Ke6 34. Kf2 h6 35. Ke3 Ke7 36. Ra8 Ne8 37. Kf4 Ke6 38. h4 Bb5 39. h5 Bc6 40. Ra7 Kd7
41. Ba1 Ke6 42. Be5 Nf6 43. Bxf6 Kxf6 44. c3 Ke6 45. Ra8 Kf6 46. g3 Bb5 47. Ke3 Kg5 48. Rg8 Kf6 49. Rf8+ Ke6 50. Ra8 Ba4
51. f4 Bb5 52. Kd4 Bc6 53. Kc5 Ke7 54. Kb6 Kf6 55. Rg8 Kf7 56. Rc8 Ke7 57. Rc7+ Kf8 58. Ka5 Kg8 59. Re7 Kh7 60. Re5 Kg8
61. Rxf5 Kh8 62. Rf8+ Kh7 63. Rd8 g6 64. hxg6+ Kxg6 65. g4
1-0

[Event "only the better players 2nd edition"]
[Site "SchemingMind.com"]
[Date "2020.06.16"]
[Round "-"]
[White "joopsim"]
[Black "Matthew Bailey"]
[Result "1/2-1/2"]
[WhiteCountry "NED"]
[BlackCountry "ENG"]
[WhiteElo "2612"]
[WhiteRD "110"]
[BlackElo "2518"]
[BlackRD "58"]
[GameID "456639"]

1. Nf3 d5 2. c4 e6 3. g3 Nf6 4. Bg2 Be7 5. O-O O-O 6. d4 dxc4 7. Qc2 a6 8. a4 Bd7 9. Qxc4 Bc6 10. Bg5 Nbd7
11. Nc3 h6 12. Bxf6 Nxf6 13. Rfd1 Bd5 14. Qd3 Bxf3 15. Bxf3 c6 16. Kg2 Qc7 17. e3 Rad8 18. h4 Bd6 19. Qc2 Rfe8 20. Rab1 Qe7
21. Rd3 g6 22. Rbd1 Kg7 23. Ne2=
1/2-1/2

[Event "only the better players 2nd edition"]
[Site "SchemingMind.com"]
[Date "2020.06.16"]
[Round "-"]
[White "Matthew Bailey"]
[Black "joopsim"]
[Result "1/2-1/2"]
[WhiteCountry "ENG"]
[BlackCountry "NED"]
[WhiteElo "2545"]
[WhiteRD "57"]
[BlackElo "2600"]
[BlackRD "106"]
[GameID "456640"]

1. e4 c5 2. Nf3 d6 3. d4 cxd4 4. Nxd4 Nf6 5. Nc3 g6 6. Be3 Bg7 7. f3 O-O 8. Qd2 Nc6 9. O-O-O d5 10. exd5 Nxd5
11. Nxc6 bxc6 12. Bd4 Bxd4 13. Qxd4 Qb6 14. Na4 Qc7 15. Nc5 Rd8 16. Bc4 Bf5 17. Bb3 Nf4 18. Qc4 Be6 19. Nxe6 Nxe6 20. h4 Qf4+
21. Qxf4 Nxf4 22. Rxd8+ Rxd8 23. Re1 e6 24. g3 Nh5 25. Rg1 Kf8 26. Ba4 Rd6 27. c3 Nf6 28. Kc2 Nd5 29. Re1 Ke7 30. b4 Nb6
31. Bb3 Rd8 32. a3 c5 33. Re4 Rc8 34. Kb2 Rc7 35. a4 Kd6 36. Re2 h5 37. Rd2+ Ke7 38. Rd1 Rd7 39. Rxd7+ Kxd7 40. a5 Nd5
41. Bxd5 exd5 42. b5 f5 43. c4 d4=
1/2-1/2

[Event "only the better players 2nd edition"]
[Site "SchemingMind.com"]
[Date "2020.06.15"]
[Round "-"]
[White "frankly"]
[Black "Matthew Bailey"]
[Result "1/2-1/2"]
[WhiteCountry "ENG"]
[BlackCountry "ENG"]
[WhiteElo "2576"]
[WhiteRD "63"]
[BlackElo "2545"]
[BlackRD "57"]
[GameID "456641"]

1. e4 e5 2. Nf3 Nf6 3. Nxe5 d6 4. Nf3 Nxe4 5. d4 d5 6. Bd3 Nc6 7. O-O Be7 8. c4 Nb4 9. Be2 O-O 10. Nc3 Bf5
11. a3 Nxc3 12. bxc3 Nc6 13. Re1 Re8 14. cxd5 Qxd5 15. Bf4 Rac8 16. Bd3 Qd7 17. Rb1 Bxd3 18. Qxd3 b6 19. d5 Bf6 20. c4 Ne7
21. Ne5 Bxe5 22. Bxe5 c6 23. d6 c5 24. Re2 Nc6 25. Rbe1 Re6 26. Bg3 Rce8=
1/2-1/2

[Event "only the better players 2nd edition"]
[Site "SchemingMind.com"]
[Date "2020.06.15"]
[Round "-"]
[White "Matthew Bailey"]
[Black "frankly"]
[Result "1/2-1/2"]
[WhiteCountry "ENG"]
[BlackCountry "ENG"]
[WhiteElo "2545"]
[WhiteRD "57"]
[BlackElo "2576"]
[BlackRD "63"]
[GameID "456642"]

1. e4 c5 2. Nf3 d6 3. d4 cxd4 4. Nxd4 Nf6 5. Nc3 a6 6. h3 e5 7. Nde2 h5 8. g3 Nbd7 9. a4 Be7 10. a5 Nc5
11. Bg2 b5 12. axb6 Qxb6 13. O-O O-O 14. Bg5 Be6 15. Rb1 Rac8 16. Nc1 Rb8 17. Bxf6 Bxf6 18. Qxh5 a5 19. Qe2 Qc6 20. Re1 Rfc8
21. Nd5 Bxd5 22. exd5 Qb5 23. Qd2 e4 24. Bxe4 Nxe4 25. Rxe4 Bxb2 26. Qd3 f5 27. Re7 Qxd3 28. Nxd3 Rxc2=
1/2-1/2

[Event "only the better players 2nd edition"]
[Site "SchemingMind.com"]
[Date "2020.06.16"]
[Round "-"]
[White "Keithk"]
[Black "Matthew Bailey"]
[Result "1/2-1/2"]
[WhiteCountry "ENG"]
[BlackCountry "ENG"]
[WhiteElo "2610"]
[WhiteRD "73"]
[BlackElo "2540"]
[BlackRD "61"]
[GameID "456643"]

1. e4 e5 2. Nf3 Nc6 3. Bb5 Nf6 4. O-O Nxe4 5. d4 Nd6 6. Bxc6 dxc6 7. dxe5 Nf5 8. Qxd8+ Kxd8 9. Nc3 h6 10. Rd1+ Ke8
11. h3 Be6 12. g4 Ne7 13. Nd4 Rd8 14. Kg2 Bc8 15. Bf4 Ng6 16. Bg3 h5 17. f3 hxg4 18. hxg4 Bc5 19. Nce2 a6 20. c3 Ba7
21. a3 Bxd4 22. cxd4 Be6 23. Rac1 Rh7 24. Nc3 Bb3 25. Rd2 Nf8 26. Bf4 Ne6 27. Be3 f6 28. f4 g6 29. exf6 Kf7 30. Rh1 Rxh1
31. Kxh1 Kxf6 32. Kg2 Bd5+ 33. Kg3 Rh8 34. Rd1 Ng7 35. Bd2 Ne8 36. Nxd5+ cxd5 37. Bb4 Ng7 38. Re1 Ne6 39. Re5 c6 40. Re1 Rd8
41. a4 b6=
1/2-1/2

[Event "only the better players 2nd edition"]
[Site "SchemingMind.com"]
[Date "2020.06.20"]
[Round "-"]
[White "Matthew Bailey"]
[Black "Keithk"]
[Result "1/2-1/2"]
[WhiteCountry "ENG"]
[BlackCountry "ENG"]
[WhiteElo "2540"]
[WhiteRD "61"]
[BlackElo "2610"]
[BlackRD "73"]
[GameID "456644"]

1. e4 e5 2. Nf3 Nc6 3. Bb5 a6 4. Ba4 Nf6 5. O-O Be7 6. Re1 b5 7. Bb3 O-O 8. a4 b4 9. a5 d6 10. d3 Be6
11. Bxe6 fxe6 12. h3 h6 13. c3 Rb8 14. Be3 d5 15. Nbd2 bxc3 16. bxc3 d4 17. cxd4 exd4 18. Bf4 Nd7 19. Bg3 Nc5 20. Rc1 Nxa5
21. Nc4 Nc6 22. Nce5 Nxe5 23. Nxe5 Qe8 24. Rc4 Bd6 25. Qc2 Rb5 26. Rxd4 Nb3 27. Ra4 a5 28. Ra2 Nd4 29. Qa4 c5 30. Kh2 Kh7
31. Rc1 h5 32. Nc4 Bxg3+ 33. fxg3 h4 34. gxh4 Qh5 35. Qd1 Qxh4 36. Qg4 Qxg4 37. hxg4 Ra8 38. Ne5=
1/2-1/2

[Event "only the better players 2nd edition"]
[Site "SchemingMind.com"]
[Date "2021.02.06"]
[Round "-"]
[White "Apocalypse"]
[Black "Servelión Graterol Hernández"]
[Result "0-1"]
[WhiteCountry "USA"]
[BlackCountry "VEN"]
[WhiteElo "2395"]
[WhiteRD "86"]
[BlackElo "2610"]
[BlackRD "69"]
[GameID "707644"]

1. e4 c5 2. b4 cxb4 3. Nf3 d5 4. exd5 Qxd5 5. c4 Qd8 6. d4 Nf6 7. Be2 e6 8. O-O a5 9. a3 Nc6 10. Be3 Be7
11. axb4 Bxb4 12. Na3 O-O 13. h3 Ne7 14. Bd3 b6 15. Ne5 Bb7 16. Nb5 h6 17. Bf4 Ba6 18. Ng4 Nxg4 19. Qxg4 Bxb5 20. Bxh6 Ng6
21. Bxg6 gxh6 22. Bd3+ Qg5 23. Qe4 Qf5 24. Qe3 Qf6 25. cxb5 Rfd8 26. Rfd1 Rac8 27. Be2 Rc3 28. Qe4 Rd5 29. g3 Bd6
0-1

[Event "only the better players 2nd edition"]
[Site "SchemingMind.com"]
[Date "2021.02.06"]
[Round "-"]
[White "Servelión Graterol Hernández"]
[Black "Apocalypse"]
[Result "1-0"]
[WhiteCountry "VEN"]
[BlackCountry "USA"]
[WhiteElo "2610"]
[WhiteRD "69"]
[BlackElo "2395"]
[BlackRD "86"]
[GameID "707645"]

1. e4 g6 2. d4 Bg7 3. Nc3 c5 4. dxc5 Bxc3+ 5. bxc3 Nf6 6. e5 Ne4 7. Bc4 Nxc5 8. Nf3 Ne6 9. O-O Nc6 10. Bd5 h5
11. c4 b6 12. Re1 Bb7 13. Ba3 Qc7 14. Qd2 h4 15. h3 Rh5 16. Rab1 Ng7 17. Bd6 Qd8 18. Ng5 Ne6 19. Ne4 Kf8 20. Nf6 Rh8
21. Ba3 Kg7 22. Ng4 Rc8 23. f4 Ba8 24. Re4 Rh5 25. Rf1 Rf5 26. Bb2 Kf8 27. Nh6 Nc5 28. Nxf5
1-0

[Event "only the better players 2nd edition"]
[Site "SchemingMind.com"]
[Date "2021.02.02"]
[Round "-"]
[White "joopsim"]
[Black "Servelión Graterol Hernández"]
[Result "0-1"]
[WhiteCountry "NED"]
[BlackCountry "VEN"]
[WhiteElo "2441"]
[WhiteRD "91"]
[BlackElo "2570"]
[BlackRD "83"]
[GameID "707646"]

1. d4 d5 2. c4 c6 3. Nf3 Nf6 4. Nc3 e6 5. Bg5 h6 6. Bh4 dxc4 7. e4 g5 8. Bg3 b5 9. Be2 Bb7 10. O-O Nbd7
11. Nd2 Qb6 12. a4 a6 13. e5 Nd5 14. Nde4 O-O-O 15. Qd2 b4 16. a5 bxc3 17. bxc3 Qa7 18. Bxc4 Kb8 19. f3 Ka8 20. Rfb1 Nf4
0-1

[Event "only the better players 2nd edition"]
[Site "SchemingMind.com"]
[Date "2021.02.02"]
[Round "-"]
[White "Servelión Graterol Hernández"]
[Black "joopsim"]
[Result "1-0"]
[WhiteCountry "VEN"]
[BlackCountry "NED"]
[WhiteElo "2570"]
[WhiteRD "83"]
[BlackElo "2441"]
[BlackRD "91"]
[GameID "707647"]

1. d4 Nf6 2. Bg5 c5 3. d5 Qb6 4. Nc3 Qxb2 5. Bd2 Qb6 6. e4 d6 7. f4 e5 8. f5 h5 9. a4 Nbd7 10. Nh3 Be7
11. Bc4 a6 12. Nf2 h4 13. a5 Qd8 14. Na4 Nh5 15. Qg4 Nhf6 16. Qf3
1-0

[Event "only the better players 2nd edition"]
[Site "SchemingMind.com"]
[Date "2021.02.01"]
[Round "-"]
[White "frankly"]
[Black "Servelión Graterol Hernández"]
[Result "1/2-1/2"]
[WhiteCountry "ENG"]
[BlackCountry "VEN"]
[WhiteElo "2594"]
[WhiteRD "63"]
[BlackElo "2486"]
[BlackRD "93"]
[GameID "707648"]

1. e4 e5 2. Nf3 Nc6 3. Bb5 a6 4. Ba4 Nf6 5. O-O Be7 6. Re1 b5 7. Bb3 O-O 8. c3 d5 9. exd5 Nxd5 10. Nxe5 Nxe5
11. Rxe5 c6 12. d3 Bd6 13. Re1 Bf5 14. Qf3 Qh4 15. g3 Qh3 16. Be3 Bxd3 17. Nd2 Bf5 18. Bd4 Rfd8 19. a4 Bg4 20. Qe4 Rac8
21. axb5 axb5 22. Nf1 Bf5 23. Qh1 Be6 24. Qf3 Bg4 25. Qe4=
1/2-1/2

[Event "only the better players 2nd edition"]
[Site "SchemingMind.com"]
[Date "2021.02.01"]
[Round "-"]
[White "Servelión Graterol Hernández"]
[Black "frankly"]
[Result "1/2-1/2"]
[WhiteCountry "VEN"]
[BlackCountry "ENG"]
[WhiteElo "2486"]
[WhiteRD "93"]
[BlackElo "2594"]
[BlackRD "63"]
[GameID "707649"]

1. c4 e5 2. Nc3 Nf6 3. Nf3 Nc6 4. e4 Bb4 5. d3 d6 6. a3 Bc5 7. b4 Bb6 8. Be3 Bg4 9. Be2 Bxf3 10. Bxf3 Nd4
11. Na4 Nxf3+ 12. Qxf3 Bxe3 13. Qxe3 O-O 14. Nc3 c6 15. O-O Re8 16. h3 d5 17. exd5 cxd5 18. Nxd5 Nxd5 19. cxd5 Qxd5=
1/2-1/2

[Event "only the better players 2nd edition"]
[Site "SchemingMind.com"]
[Date "2021.02.02"]
[Round "-"]
[White "Matthew Bailey"]
[Black "Servelión Graterol Hernández"]
[Result "1/2-1/2"]
[WhiteCountry "ENG"]
[BlackCountry "VEN"]
[WhiteElo "2526"]
[WhiteRD "70"]
[BlackElo "2510"]
[BlackRD "88"]
[GameID "707652"]

1. c4 e5 2. g3 Nf6 3. Bg2 d5 4. cxd5 Nxd5 5. Nc3 Nb6 6. d3 Be7 7. f4 exf4 8. Bxf4 O-O 9. Nh3 Bc5 10. Nf2 c6
11. O-O Na6 12. Qd2 Nc7 13. Rad1 Ncd5 14. d4 Nxf4 15. Qxf4 Bd6 16. Qf3 Qe7 17. e4 f6 18. Ne2 Be6 19. b3 Rad8 20. Nf4 Bxf4
21. Qxf4 h6 22. Qe3 Bf7 23. Qc3 Qa3 24. Qd2 Rfe8 25. Ng4 Nd7 26. Ne3 a5 27. Nf5 Bg6 28. Qc3 Kh8 29. h4 a4 30. Rd2 c5
31. dxc5 Bxf5 32. exf5 Nxc5 33. Rxd8 Rxd8=
1/2-1/2

[Event "only the better players 2nd edition"]
[Site "SchemingMind.com"]
[Date "2021.02.02"]
[Round "-"]
[White "Servelión Graterol Hernández"]
[Black "Matthew Bailey"]
[Result "1/2-1/2"]
[WhiteCountry "VEN"]
[BlackCountry "ENG"]
[WhiteElo "2510"]
[WhiteRD "88"]
[BlackElo "2526"]
[BlackRD "70"]
[GameID "707653"]

1. e4 e5 2. Nf3 Nc6 3. Bc4 Bc5 4. c3 Nf6 5. d4 exd4 6. b4 Bb6 7. e5 Ne4 8. Bd5 Nxc3 9. Nxc3 dxc3 10. Bg5 Ne7
11. O-O h6 12. Bh4 g5 13. Nxg5 Nxd5 14. Nf3 Ne7 15. Re1 a5 16. Qc1 axb4 17. Bf6 Rg8 18. Qxh6 Bc5 19. Qh7 Rf8 20. Qh5 c6
21. Ng5 Qb6 22. Ne4 Kd8 23. Qh6 Re8 24. Nd6 Bxf2+ 25. Kh1 Bxe1 26. Nxe8 Qf2 27. h3 Rxa2 28. Rxa2 Bd2 29. Qf8 Qe1+ 30. Kh2 Bf4+
31. g3 Qxg3+ 32. Kh1 Qxh3+ 33. Kg1 Be3+ 34. Rf2 Qg3+=
1/2-1/2